El cáncer de la laringe / (Record no. 121661)

MARC details
000 -LEADER
campo de control de longitud fija 00629nam a2200193 i 4500
001 - NÚMERO DE CONTROL
campo de control 121661
003 - IDENTIFICADOR DE NÚMERO DE CONTROL
campo de control ES-MaACL
005 - FECHA Y HORA DE LA ÚLTIMA TRANSACCIÓN
campo de control 20251003151508.0
007 - CAMPO FIJO DE DESCRIPCIÓN FÍSICA--INFORMACIÓN GENERAL
campo de control de longitud fija t|
008 - DATOS DE LONGITUD FIJA--INFORMACIÓN GENERAL
campo de control de longitud fija 070214s1942 sp a |||| | spa d
100 1# - ENTRADA PRINCIPAL--NOMBRE DE PERSONA
Nombre de persona Portela, Juan
Títulos y otros términos asociados al nombre (médico)
9 (RLIN) 149114
245 13 - MENCIÓN DEL TÍTULO
Título El cáncer de la laringe /
Mención de responsabilidad, etc. por Juan Portela ; prólogo de Antonio G. Tapia.
260 ## - PUBLICACIÓN, DISTRIBUCIÓN, ETC.
Lugar de publicación, distribución, etc. Cádiz :
Nombre del editor, distribuidor, etc. [Escelicer],
Fecha de publicación, distribución, etc. 1942 (
Fabricante Establecimiento Cerón)
300 ## - DESCRIPCIÓN FÍSICA
Extensión 138 p. :
Otras características físicas il. col. y n. ;
Dimensiones 26 cm.
650 #4 - PUNTO DE ACCESO ADICIONAL DE MATERIA--TÉRMINO DE MATERIA
Término de materia o nombre geográfico como elemento de entrada Laringe-
Subdivisión general Cáncer.
9 (RLIN) 147258
700 1# - ENTRADA AGREGADA--NOMBRE PERSONAL
Nombre de persona García Tapia, Antonio,
Fechas asociadas al nombre 1875-1950
9 (RLIN) 55318
852 ## - LOCALIZACIÓN
Ubicación ES-MaACL
Número de control de estantería E-782
Holdings
Estatus retirado Estado de pérdida Estado de daño No para préstamo Biblioteca de origen Biblioteca actual Ubicación en estantería Fecha de adquisición Fuente de adquisición Total de préstamos Signatura topográfica completa Código de barras Visto por última vez Precio de reemplazo Tipo de ítem Koha
        Biblioteca del Ateneo de Madrid Biblioteca del Ateneo de Madrid Depósito 2 17/01/2008     E-782 1126786 23/02/2023 23/02/2023 Libro impreso